000 00321 a2200145 4500
001 180771
020 _a
040 _cMagnum
100 _aLa Fontaine
240 1 0 _aO lenhador que perdeu o machado
_lpor
245 1 0 _aO lenhador que perdeu o machado
362 0 _a1899
697 _aMAGNITO: I/FABULAS
942 _cBK
999 _c180771
_d180771